|
|
|
|
| LEADER |
00000cam a2200000 7i4500 |
| 001 |
0000002810 |
| 005 |
20120515.0 |
| 008 |
120515 bm |
| 020 |
|
|
|a 9831361563
|
| 090 |
0 |
0 |
|a 612.12 MOY
|
| 100 |
1 |
|
|a Moyer,Ellen
|
| 245 |
1 |
0 |
|a Kolesterol & Trigliserida:Soalan Anda Dan ...Jawapan Yang Anda Perlukan
|c Ellen Moyer
|
| 260 |
|
|
|a Kuala Lumpur :
|b Synergy Books International ,
|c 1999
|
| 300 |
|
|
|a 187p ;
|c 21cm.
|
| 650 |
0 |
0 |
|a Blood Chemistry
|
| 999 |
|
|
|a 126846
|b Buku
|c Rak Terbuka
|e Perpustakaan Cawangan Jasin
|
| 999 |
|
|
|a 126847
|b Buku
|c Rak Terbuka
|e Perbadanan Perpustakaan Awam Melaka
|
| 999 |
|
|
|a 126849
|b Buku
|c Rak Terbuka
|e Perpustakaan Cawangan Masjid Tanah
|